Cómo conseguir centros de calidad : nuevas técnicas de dirección /
Salvato in:
| Autore principale: | |
|---|---|
| Altri autori: | , |
| Natura: | Libro |
| Lingua: | spagnolo |
| Pubblicazione: |
Madrid, España :
La Muralla,
1992, c1992
|
| Serie: | (Aula Abierta La Muralla)
|
| Soggetti: | |
| Tags: |
Nessun Tag, puoi essere il primo ad aggiungerne!!
|
MARC
| LEADER | 00000nam^a2200000^a^4500 | ||
|---|---|---|---|
| 001 | 000113215 | ||
| 005 | 20250521000000.0 | ||
| 009 | 20260310093934.465 | ||
| 020 | |a 84-7133-611-1 | ||
| 037 | |a Acervo ITESO - Biblioteca | ||
| 041 | |a ESP | ||
| 082 | |a 371. 207 |b BEA | ||
| 100 | |a Beare, Hedley |e (autor) | ||
| 245 | 1 | 0 | |a Cómo conseguir centros de calidad : |b nuevas técnicas de dirección / |c H. Beare, B.J. Caldwell, R.H. Millikan ; pról. de María Antonia Casanova ; pref. de Cyril Poster. |
| 264 | 4 | |a Madrid, España : |b La Muralla, |c 1992, c1992 | |
| 300 | |a 340 p. | ||
| 336 | |a texto |b txt |2 rdacontenido | ||
| 337 | |a sin mediación |b n |2 rdamedio | ||
| 338 | |a volumen |b nc |2 rdasoporte | ||
| 440 | 1 | |a (Aula Abierta La Muralla) | |
| 649 | |a XX | ||
| 650 | |a Calidad de la Educación | ||
| 650 | |a Instituciones Educativas | ||
| 650 | |a Administración Educativa | ||
| 650 | |a Educación | ||
| 650 | |a Ciencias Administrativas | ||
| 700 | |a Caldwell, Brian J. |e (autor) | ||
| 700 | |a Millikan, Ross H. |e (autor) | ||
| 910 | |a Fondo General | ||
| 920 | |a Impresos - Libros | ||
| 930 | |a Colección General | ||
| 905 | |a 101 | ||
| 901 | |a 0500050867 |b IT1 |c ACC |u 20250521 | ||
| 902 | |a https://opac.biblio.iteso.mx/vufind/Record/000113215 | ||